Futbaloví hráči o výchove vo futbale (diskusia)

Bibliographic Details
Main Authors: Viktor, Ivo, 1942- (Author), Bínovský, Alexander, 1944- (Author)
Format: Article
Language:Slovak
PhysicalDescription:obr.
Subjects:

MARC

LEADER 00000nab a2200000 ar4500
001 vtls009350435
003 SK-MaSNL
005 20260303054841.0
008 081020c1973 xo wr|||||||||000 b|slo
015 |a SNBRB1973  |2 snkbucl 
038 |a SNKBUCL 
040 |a SNKBUCL  |b slo  |c SNKBUCL  |e AACR2 
041 0 |a slo 
044 |a xo  |c SK 
080 |a 796.332.015  |2 2001 
100 1 |a Viktor, Ivo,  |d 1942-  |4 aut  |9 207392 
245 1 0 |a Futbaloví hráči o výchove vo futbale  |b (diskusia)  |c Ivo Viktor, Alexander Binovský 
300 |b obr. 
650 0 7 |a futbal  |2 snkbucl  |9 3291 
700 1 |a Bínovský, Alexander,  |d 1944-  |4 aut  |9 203744 
773 0 |t Tréner  |g Roč. 17, č. 5 (1973), s. 197-199 
852 |a SNK  |b KIS3GCP 
999 |c 1724913  |d 1726843